00246nam a2200085Ia 4500008004100000100002500041245004200066260003500108300001700143180205s9999 xx 000 0 und d aAfrica, Francisco M. 4aThe art of argumentation and debate / aQuezon CitybR.P. Garciac1952 aix,286 pages